| 000 | 00555nam a22001937a 4500 | ||
|---|---|---|---|
| 003 | KOHA_MİRAKIL | ||
| 005 | 20250417180245.0 | ||
| 008 | 250417b tu ||||| |||| 00| 0 tur d | ||
| 020 | _a9786057643063 | ||
| 040 |
_aTR-AnABB _btur _cTR-AnABB |
||
| 041 | _atur | ||
| 082 |
_a868.9921344 _bHER 2019 |
||
| 100 | 1 | _aHerrera, Yuri, | |
| 245 | 1 | 0 |
_aDünyanın sonunu önceleyen işaretler / _cYuri Herrera |
| 260 |
_aİstanbul : _bNotos Kitap, _c2019 |
||
| 300 |
_a101 sayfa ; _c20 cm |
||
| 650 | 0 | 4 | _aİspanyol edebiyatı, roman |
| 942 |
_2ddc _cBK |
||
| 999 |
_c8784 _d8784 |
||
| 900 | _bGizem YORULMAZ | ||